Geopolitique du Danube
Αποθηκεύτηκε σε:
| Άλλοι συγγραφείς: | |
|---|---|
| Μορφή: | Βιβλίο |
| Γλώσσα: | French |
| Δημοσίευση: |
Paris :
Ellipses,
1999
|
| Σειρά: | Collection Perspectives stratgiques
|
| Θέματα: | |
| Ετικέτες: |
Προσθήκη ετικέτας
Δεν υπάρχουν, Καταχωρήστε ετικέτα πρώτοι!
|
MARC
| LEADER | 00000nam a2200000 i 4500 | ||
|---|---|---|---|
| 001 | 1/85374 | ||
| 008 | 080516s1999 fre d | ||
| 020 | |a 2-7298-4961-0 | ||
| 035 | |l 10097401 | ||
| 040 | |a GR-MY-UA |b gre |e aacr | ||
| 041 | 0 | |a fre | |
| 082 | 0 | |a 914 |2 (22) | |
| 245 | 1 | 0 | |a Geopolitique du Danube / |c edited by Michel Foucher |
| 260 | |a Paris : |b Ellipses, |c 1999 | ||
| 300 | |a 94 σ.; |c 19 εκ. | ||
| 490 | 1 | |a Perspectives stratgiques | |
| 504 | |a Περιέχει βιβλιογραφικές αναφορές | ||
| 650 | 0 | 0 | |a Geopolitics |z Danube River Valley. |
| 651 | 0 | |a Danube River |x International status. | |
| 700 | 1 | |a Foucher, Michel. |4 edt | |
| 830 | 0 | |a Collection Perspectives stratgiques | |
| 852 | |a INST |b LESVOS |e 20080516 |h 914 FOU |p 005100042530 |q 005100042530 |t BK |y 0 | ||
| 901 | |a BIBL1-2008-2 | ||
| 909 | |a Λ |b 144058 | ||
| 922 | |a 1ΕΛΗ |b 200801 |c ΕΠΕΑΕΚ2/ΤΚΑ |d ΠΑΠΑΣΩΤΗΡΙΟΥ | ||
| 970 | |a ΧΑΤΖΗΜΙΧΑΗΛ |b ΜΑΡΙΑ |z 2008/05/16 | ||